| 000 | 00578nam a2200145 i 4500 | ||
|---|---|---|---|
| 001 | 183752 | ||
| 003 | ES-MaACL | ||
| 005 | 20230906221949.0 | ||
| 008 | 141009s1876 fr |||| | fre d | ||
| 245 | 0 | 0 | _aCatalogue d'une belle collection de livres relatifs aux langues ougro-finnoises a l'ethnographie et aux peuples du nord dont la vente aura lieu... 1876. |
| 260 |
_aParis : _bErnest Leroux, _c1876. |
||
| 300 |
_a25 p. ; _c23 cm. |
||
| 650 | 0 | 4 |
_aLibros- _vCatálogos de subastas. _914429 |
| 852 |
_aES-MaACL _jT-255-F-3 _z.- Enc. en un vol. facticio falto de la cub. original |
||
| 999 |
_c183752 _d183752 |
||